| 000 | 00815nam a22002297a 4500 | ||
|---|---|---|---|
| 999 |
_c22801 _d22801 |
||
| 003 | OSt | ||
| 005 | 20210818094150.0 | ||
| 008 | 170214b xxu||||| |||| 00| 0 eng d | ||
| 010 | _a 94018076 | ||
| 020 |
_a0070063753 (acidfree, recycled paper) : _c$24.95 |
||
| 040 |
_aMMU _cMMU _dMMU _beng. |
||
| 050 | 0 | 0 |
_aHD62.15 _b.B64 1994 |
| 100 | 1 | _aBogan, Christopher E. | |
| 245 | 1 | 0 |
_aBenchmarking for best practices : _bwinning through innovative adaptation / _cChristopher E. Bogan, Michael J. English. |
| 260 |
_aNew York : _bMcGraw-Hill, _cc1994. |
||
| 300 |
_ax, 312 p. : _bill. ; _c25 cm. |
||
| 500 | _aIncludes bibliographical references (p. 299-304) and indexes. | ||
| 650 | 0 | _aBenchmarking (Management) | |
| 650 | 0 | _aOrganizational effectiveness. | |
| 700 | 1 | _aEnglish, Michael J. | |
| 942 |
_2lcc _cLOAN LOAN |
||